Denver Nuggets All-Time Starters - Statistics

General Stats
  • This quiz has been taken 42 times
  • The average score is 5 of 7
Answer Stats
Hint Answer % Correct
C Nikola Jokić
100%
PF Carmelo Anthony
80%
SF Alex English
74%
PG Fat Lever
60%
6th man Jamal Murray
57%
Coach Michael Malone
57%
SG David Thompson
43%
No matching quizzes found
Score Distribution
Percent of People with Each Score
Percentile by Number Answered
Your Score History
You have not taken this quiz